| 000 | 00794cam a2200265 a 4500 | ||
|---|---|---|---|
| 001 | 1165458 | ||
| 005 | 20180301074928.0 | ||
| 008 | 960320s1996 kyua 001 0 eng d | ||
| 010 | _a 96060255 | ||
| 020 | _a0964974614 | ||
| 035 | _a(OCoLC)34736344 | ||
| 040 |
_aNbH _cNbH _dK _dDNAL _dDLC |
||
| 041 | _aeng | ||
| 042 | _alccopycat | ||
| 070 | 0 |
_aTK5105.875.I57J35 _b1996 |
|
| 072 | 0 | _aA000 X200 | |
| 080 | _a025.0663 JAM | ||
| 082 | 0 | 0 |
_a025.0663 JAM _221 |
| 100 | 1 | _a9 | |
| 101 | _aMJE | ||
| 245 | 1 | 4 |
_aThe farmer's guide to the Internet / _cHenry James with Kyna Estes. |
| 906 |
_a7 _bcbc _ccopycat _d2 _eopcn _f19 _gy-gencatlg |
||
| 942 |
_2ddc _cBK |
||
| 999 |
_c43842 _d43842 |
||